00321nam a2200121Ia 4500008004100000082001500041100002200056245003100078250001300109260003400122300000800156650003500164191201s2011 xx 000 0 und d a070.4bSHN aSHRIVASTAVA, K.M. 0aNews Reporting and Editing a14th Rep aNew DelhibSterling Pubc2020 a304 aBachelor of Mass Communication